000 00604nam a2200229Ia 4500
003 OSt
005 20221007071912.0
006 a|||||r|||| 00| 0
007 ta
008 221006b |||||||| |||| 00| 0 eng d
024 _a12,009
037 _cTextual
040 _aFLL
_cFLL
_beng
041 _2eng
_aeng
082 _aV2:2:N1, E8
100 _aRao K.V. Au.
_9682493
245 0 _aFuture govternment of india
260 _aLondon
_bMacmillan and co. limited London
_c1918
300 _a408p
_ccm.
942 _hV2:2:N1, E8
_cTEXL
_2CC
999 _c1144622
_d1144622